Zmeny v prostredí a ich dopad na výkonnosť zamestnancov (Teoretické východiská riešenia čiastkovej výskumnej úlohy - Mladá veda)

Uložené v:
Podrobná bibliografia
Hlavný autor: Čepelová, Anna
Médium: Kapitola
Jazyk:Slovak
Tagy: Pridať tag
Žiadne tagy, Buďte prvý, kto otaguje tento záznam!

MARC

LEADER 00000naa$a2200000$$$4500
001 0064654
005 20240502071746.8
041 0 |a slo 
044 |a SK 
245 1 0 |a Zmeny v prostredí a ich dopad na výkonnosť zamestnancov  |b (Teoretické východiská riešenia čiastkovej výskumnej úlohy - Mladá veda)  |c Anna Čepelová 
100 1 |a Čepelová, Anna